ნორმალური ფორმატი
MARC ფორმატი
ჩანაწერი Personal Name
ჩანაწერთა რაოდენობა, რომელიც გამოყენებულია: 1
001 - CONTROL NUMBER
- control field: 16759
003 - CONTROL NUMBER IDENTIFIER
- control field: GE_BSU
005 - DATE AND TIME OF LATEST TRANSACTION
- control field: 20230123150140.0
008 - FIXED-LENGTH DATA ELEMENTS
- fixed length control field: 230123|| aca||aabn | a|a d
040 ## - CATALOGING SOURCE
- Original cataloging agency: GE_BSU
- Transcribing agency: GE_BSU
100 ## - HEADING--PERSONAL NAME
- Personal name: სანთელაძე, ნატალია
670 ## - SOURCE DATA FOUND
- Source citation: Work cat.: (GE_BSU): სანთელაძე, ნატალია, ფეიჰოას კულტურის (Feijoa sellowiana Berg) აგროსაწარმოო დაჯგუფება იმერეთის რეგიონის ალუვიური ნიადაგების აგროეკოლოგიურ გარემოში : [მონოგრაფია] /
